| 000 | 00531nam a2200169 4500 | ||
|---|---|---|---|
| 001 | 108381 | ||
| 003 | ES-MaACL | ||
| 005 | 20230906184632.0 | ||
| 007 | t| | ||
| 008 | 061121s1965 sp r ||||1| spa d | ||
| 100 | 1 |
_aMonclus Valls, C. _982133 |
|
| 245 | 1 | 0 |
_aMétodos y tiempos en el torno cilíndrico / _cC. Monclus Valls; ilustraciones de F. Fernández Marín. |
| 260 |
_aBarcelona : _bCedel, _c1965. |
||
| 300 |
_a339 p. : _bil. ; _c22 cm. |
||
| 700 | 1 |
_aFernández Marín, F. _949892 |
|
| 852 |
_aES-MaACL _jC-28591 _bR.57322 |
||
| 999 |
_c108381 _d108381 |
||